000 00795cam a22002294a 4500
001 13260263
005 20251122134849.0
008 030702s2004 njua b 001 0 eng
020 _a0130972355
_qpbk.
020 _a9780130972354
_q(pbk.)
050 0 0 _aTH6031
_b.T76 2004
082 0 0 _a696
_222
100 1 _aTrost, J.
245 1 0 _aDesign of mechanical and electrical systems in buildings /
_cJ. Trost, Ifte Choudhury,
260 _aUpper Saddle River, N.J. :
_bPearson/Prentice Hall,
_cc2004.
300 _aviii, 419 p. :
_bill. ;
_c28 cm.
650 0 _aBuildings
_xEnvironmental engineering.
650 0 _aBuildings
_xMechanical equipment
_xDesign and construction.
650 0 _aBuildings
_xElectric equipment
_xDesign and construction.
700 1 _aChoudhury, Ifte.
942 _2lcc
_cBK
_n0
999 _c8327
_d8327